000 00333nam a22001337a 4500
082 _a894.812.3
_bNAI/V
100 _aNAIR,RAJIV
245 _aVISWASAHITHYATHILE THIRANJEDUTHA BALAKADHAKAL
250 _aFIRST
260 _aKOTTAYAM
_bAVANTY PUBLICATIONS
_c2006
300 _a64
650 _aSHORT STORY MALAYALAM
_zKERALA
942 _cBK
999 _c1309
_d1309